000 00634nam a2200181Ia 4500
005 20250508150929.0
008 008 250505s9999 xx 000 0 eng d
037 _aTextual
040 _aFEDL
_beng
_cFEDL
041 _aeng
_2eng
084 _a367, NAT
_qFEDL
245 0 _aClub management : A handbook for the guidance of club officers and committee members of women's clubs or sections of community association
260 _aLondon, UK
_bThe National Council of Social Service
_c1945
300 _a34p.
546 _aNational association of women's clubs
942 _cTEXL
_h367, NAT
999 _c1326561
_d1326561